000 00771nam a22002297a 4500
999 _c1567
_d1567
003 AR-CdUCM
008 190227b ||||| |||| 00| 0 spa d
040 _aMUNICIPALIDAD PROVINCIAL DEL CUSCO
_cBIBLIOTECA MUNICIPAL DEL CUSCO
082 _a976.04 /
_bP32
100 _aPayeras, Mario
_95874
245 _aLos dias de la selva /
260 _aLa Habana Cuba;
_bCasa de las Américas,
_c1980.
300 _a115 páginas ;
_c19 cm.
505 _aNota -- 19 de enero -- Rubelolom -- Las armas y los dias -- Los rumbos del este -- La marcha hacia la sierra...
650 _aEjercito
_93554
650 _aGuerrilla
_94746
650 _aGuatemala
_92870
650 _aCrónica
_9637
650 _aCentroamérica.
_95875
942 _2ddc
_cLIBROS
945 _admma
_d2019-02-27